00241nam a2200109Ia 4500008004100000020001800041082001500059100001500074245001700089260001200106500001300118260604s9999 xx 000 0 und d a9780143472414 a823.92 JHA aSonora jha 0aThe Laughter bPenguin aLaughter